| 000 | 003370000a22001450004500 | ||
|---|---|---|---|
| 001 | 006110 | ||
| 003 | MACL | ||
| 040 | _aMACL | ||
| 090 |
_c13282 _d13281 |
||
| 245 |
_aSafar Nama Molvi Mohd Mujtuba Khan _bKhan Mujtuba |
||
| 260 |
_aMatba Dabdaba Sikandari RamP, _c1914 |
||
| 350 | _a2.00 | ||
| 650 | _aUrdu Literature | ||
| 942 |
_k891 _cBook |
||
| 999 |
_c13209 _d13209 |
||